| 000 | 00943nam a2200241 a 4500 | ||
|---|---|---|---|
| 001 | BRCA_1901 | ||
| 005 | 20190320203608.0 | ||
| 008 | 060608s1976----mx-a---###---#000-0#spa-# | ||
| 020 | _a9681617681 | ||
| 050 | 4 |
_aHD9536.M4 _b.B35 1976 |
|
| 100 | 1 |
_aBakewell, Peter John _d1943- _95867 |
|
| 245 | 1 | 0 |
_aMineria y sociedad en el México colonial _bZacatecas, 1546-1700 _cP. J. Bakewell ; traducción de Roberto Gómez Ciriza. |
| 260 |
_aMéxico _bFCE _c1976 |
||
| 300 |
_a387 p. _bil., tablas, mapas _c21 cm. |
||
| 440 | 0 |
_aSección de obras de historia _95868 |
|
| 500 | _aIncluye índice analítico e índice de ilustraciones | ||
| 500 | _aTraducción de : Silver Mining and Society in Colonial Mexico: Zacatecas, 1546-1700 | ||
| 504 | _aBibliografía: p. 372-376 | ||
| 650 | 1 | 4 |
_aPlata _xMinas y minería _zZacatecas (México) _95869 |
| 651 | 4 |
_aZacatecas _xHistoria _zMéxico _95646 |
|
| 700 | 1 |
_aGómez Ciriza, Roberto _92843 |
|
| 942 |
_2lcc _cB |
||
| 999 |
_c1674 _d1674 |
||